Classement de Liga par population des villes. - Statistiques

Statistiques générales
  • Ce quiz a été pris 45 fois
  • Le résultat moyen est 15 sur 20
Statistiques - réponses
Position Population Clubs % Correct
1 3 332 000 Atlético Madrid
100%
5 1 660 000 FC Barcelone
100%
3 3 332 000 Réal Madrid
100%
8 684 000 FC Séville
98%
6 808 000 Valence CF
95%
7 684 000 Bétis Seville
91%
4 1 660 000 Espanyol Barcelone
91%
11 346 000 Athletic Bilbao
88%
17 189 000 Real Sociedad
84%
18 186 000 Getafe FC
81%
10 378 000 Las Palmas UD
77%
20 53 000 Villareal FC
72%
19 104 000 Girona FC
70%
2 3 332 000 Rayo Vallecano
70%
13 294 000 Celta Vigo
58%
9 423 000 RCD Majorque
58%
12 297 000 Valladolid CF
53%
15 206 000 Osasuna CA
51%
16 191 000 Leganés CD
42%
14 256 000 Déportivo Alaves
40%
Aucun quiz correspondant
Distribution des résultats
% des personnes avec chaque résultat
Percentile par nombre de réponses
Votre historique - résultats
Vous n’avez pas pris ce quiz